000
00349nam a2200133Ia 4500
008
151021s9999 xx 000 0 und d
020
_a
446618306
050
_a
PS 3569 .J363R4 2006
245
_a
_Dear you Nicholas Sparks
260
_a
New York Grand central 2006
300
_a
335p.
650
_a
_Novel
980
_a
^d20130211 10:27:40^oanne
999
_c
12856
_d
12856